| 000 | 00000nam##2200000za#4500 |
| 001 | 9.674653 |
| 003 | CaOODSP |
| 005 | 20210927150414 |
| 007 | cr ||||||||||| |
| 008 | 150407|2009||||xxc|||||o f|0| 0 iku|d |
| 020 | |a978-0-662-05916-5 |
| 040 | |aCaOODSP|beng |
| 041 | 7|aiku |
| 041 | |aeng |
| 041 | |afre |
| 043 | |an-cn--- |
| 086 | 1 |aR3-72/2008-PDF |
| 110 | 1 |aCanada. |bIndian and Northern Affairs Canada. |
| 245 | 10|aCanada's northern strategy : |h[electronic resource]|bour north, our heritage, our future |
| 260 | |aOttawa - Ontario : |bIndian and Northern Affairs |c2009. |
| 300 | |a48p.|bcoloured maps, photographs |
| 500 | |aThe catalogue number (R3-72/2008) and ISBN (978-0-662-05765-9) for the print edition have been incorrectly copied in this PDF version. |
| 520 | 3 |aProvides an overview of our integrated Northern Strategy, elaborating on our overarching vision, the four pillars of our strategy, and our significant activities to date throughout the North. |
| 546 | |aText in English, French and Inuktitut. |
| 590 | |a09-34|b2009-08-21 |
| 776 | 0#|tStratégie pour le Nord du Canada : |w(CaOODSP)9.670192 |
| 792 | |tStratégie pour le Nord du Canada : |efre|w(CaOODSP)9.674654 |
| 856 | 40|ahttp://publications.gc.ca|qPDF|s2745 KB|uhttps://publications.gc.ca/collections/collection_2009/ainc-inac/R3-72-2008.pdf |
| 986 | |aQS-Y309-000-GB-A1 |